| 000 | 01974 a2200277 4500 | ||
|---|---|---|---|
| 001 | 44839 | ||
| 005 | 20260407155723.0 | ||
| 008 | 260407a1991 arg spa d | ||
| 003 | AR-UNSa-BCEJYS | ||
| 040 |
_aAR-UNSa-BCEJYS _bspa _cAR-UNSa-BCEJYS |
||
| 080 |
_a519.8 _xInvestigación operativa |
||
| 245 | 1 | 0 | _aIntroducción a la investigación de operaciones |
| 020 | _a968-422-993-3 | ||
| 250 | _a3a. ed. | ||
| 264 | 1 |
_aMéxico : _bMcGraw-Hill _c1991 |
|
| 300 |
_axiv, 955 p. _c24 cm. |
||
| 505 | _aParte 1: Introducción: 1. La naturaleza de la investigación de operaciones – 2. Panorama sobre el enfoque de modelado en la investigación de operaciones -- Parte 2: Programación lineal: 3. Introducción a la programación lineal – 4. Solución de problemas de programación lineal: Método simplex – 5. Teoría del método simplex – 6. Teoría de dualidad y análisis de sensibilidad – 7. Problemas especiales de programación lineal – 8. Formulación de modelos de programación lineal, incluyendo programación por objetos – 9. Otros algoritmos para programación lineal – Parte 3: Programación matemática: 10. Análisis de redes, incluyendo PERT- CPM – 11. Programación dinámica – 12. Teoría del juego – 13. Programación entera – 14. Programación no lineal – Parte 4: Modelos probabilísticos: 15. Cadenas de Markov – 16. Teoría de colas – 17. Aplicación de la teoría de colas – 18. Teoría de inventarios – 19. Pronósticos – 20. Procesos markovianos de decisión y sus aplicaciones – 21. Confiabilidad – 22. Análisis de decisión – 23. Simulación - | ||
| 041 | _aspa | ||
| 942 | _cBK | ||
| 590 | _aniveau_biblio:m niveau_hierar:0 | ||
| 100 | 1 | _aGonzález Osuna, Marcia | |
| 700 | 1 | _aLieberman, Gerald J. | |
| 700 | 1 | _aHillier, Frederick S. | |
| 700 | 1 | _aCantú Delgado, José Humberto | |
| 856 | 4 | 1 |
_uhttps://www.biblioeco.unsa.edu.ar/pmb/images/libros/L126998.jpg _yImagen de portada _qimage/jpeg |
| 999 |
_c3818 _d3818 |
||